000 00828nam1a22002171i 4500
001 rc\105055
005 20260406161759.0
035 _a(NLR Aleph) 005393547
090 _a7207737
_c7207737
100 _a20021216d1995 u |0rusy50 ca
101 0 _arus
102 _aRU
105 _ay |||||||||
200 1 _aЛЕТНИЙ отдых
_eДокументы, положения, прогр.
_eСб. метод. материалов
_fГос. ком. Респ. Татарстан по делам детей и молодежи
210 _aКазань
_cБ. и.
_d1995
215 _d20
712 0 1 _aРеспублика Татарстан
_bКомитет по делам детей и молодежи
_3RU\NLR\AUTH\889933160
_9361502
801 0 _aRU
_bNLR
_gpsbo
801 1 _aRU
_bELAR
_2rusmarc
852 _aNLR
_j97-4/2088
942 _cBOOK